01258nam a2200265Ia 4500001000600000003000900006008004100015040001300056040001300069041001300082100001800095100002900113245010100142245007000243250001100313260000900324260001200333260004900345300005700394500037900451650004300830650003100873700003400904700005400938G5351IT-RoPAU130308s9999 xx 000 0 und d aIT-RoPAU cIT-RoPAU aITALIANO aAndò Romana gCodice Aut. SPICS: 55057 aCaleidoscopio dei media e dei consumi culturali (Il). Spettacolo, teatro , sport e tempo libero bMediaevo (Il). tv e Industria Culturale nell'Italia del Xx Secolo a1a ed. aROMA bCarocci c2000 [1° Ed.:2000 - Ed.Ling.Originale:2000] a"24 p. (prefazione: no ; testo: 24 [pagine: 49-72])" aTempo Libero. Non Solo Tv: I consumi Culturali tra competizione e Sinergia. Televisione Come regina del Tempo libero degli Italiani. Cinema: Identità Perduta e forse Ritrovata. Teatro: risveglio Post Televisivo. Intrattenimento: villaggio nell'era Multimediale. tv e Sport: Tranquilla Convivenza Forzata. Disuguaglianze della Comunicazione: Piramide dei consumi Culturali. aSOCIOLOGIA DELLA COMUNICAZIONE SOCIALE eCodice materia Spics: 3806 aMorcellini MarioRussi Luciano gCodice Aut. SPICS: 14787Codice Aut. SPICS: 55058